<The> Historical approach to european identity: the concept of a civilized Europe during the 18th and 19th Century

Historický pohľad na vznik európskej integrácie a národná identita. Nezačlenenie aziatov a barbarov do európskej civilizácie v 19. storočí. Existencia Inner Europe v polovici 19. storočia. Zjednodušená charakteristika EU ako spoločenstva s kultúrnou rozmanitosťou, pričom spoločenstvo je prístupné p...

Descrizione completa

Salvato in:
Dettagli Bibliografici
Autore principale: Brendel, Thomas
Natura: Capitolo di libro
Lingua:inglese
Soggetti:
Tags: Aggiungi Tag
Nessun Tag, puoi essere il primo ad aggiungerne!!

MARC

LEADER 00000naa$a2200000$$$4500
001 0050587
005 20231009111907.1
041 0 |a eng 
044 |a SK 
245 1 0 |a <The> Historical approach to european identity: the concept of a civilized Europe during the 18th and 19th Century  |c Thomas Brendel 
520 |a Historický pohľad na vznik európskej integrácie a národná identita. Nezačlenenie aziatov a barbarov do európskej civilizácie v 19. storočí. Existencia Inner Europe v polovici 19. storočia. Zjednodušená charakteristika EU ako spoločenstva s kultúrnou rozmanitosťou, pričom spoločenstvo je prístupné pre všetky národnosti patriace do Európy a uznávajúce toto spoločenstvo. Smerovanie európskej identity. 
610 2 0 |a zvyklosti kultúrne 
610 2 0 |a komunikácia multikultúrna 
610 2 0 |a civilizácia 
610 2 0 |a menšiny národnostné 
610 2 0 |a história 
610 2 0 |a Európska únia 
610 2 0 |a Európa 
610 2 0 |a integrácia 
100 1 |a Brendel, Thomas